000 00643cam a2200169 4500
001 D5924
008 090401t1980 xxu||||| |||| 00| 0 eng d
035 _a(Sirsi) u76076
041 _aeng
050 _a624.09
110 _aThe Institute of Quantity Surveyors Civil Engineering Committee
_92508
245 2 _aA report by the Civil Engineering Committee of the Institute of Quantity Surveyors on procedure in connection with form of sub-contract (as amended 30th March 1973) Designed for use in conjunction with the I.C.E. General Conditions of Contract
260 _aLondon
_bIQS
_c1980
350 _a0
942 _n0
948 _c04/03/1997
999 _c96115
_d96115